Chance of a lifetime: Level 3
| Format: | Book |
|---|---|
| Published: |
England :
Parson Education ,
2000
|
| Series: | Penguin Readers
|
| Subjects: |
MARC
| LEADER | 00000cam a2200000 7i4500 | ||
|---|---|---|---|
| 001 | 0000080001 | ||
| 005 | 20180715.0 | ||
| 008 | 180715 | ||
| 020 | |a 0582427487 | ||
| 020 | |a 9780582427488 | ||
| 090 | 0 | 0 | |a JF |b ENG |
| 245 | 1 | 0 | |a Chance of a lifetime: Level 3 |c Margaret Iggulden |
| 260 | |a England : |b Parson Education , |c 2000 | ||
| 490 | 1 | |a Penguin Readers | |
| 500 | |a Children ages 7-9 years old (orange) | ||
| 650 | 0 | |a Folklore | |
| 999 | |a 0000020058 |b Book |c Children Collection |e Cawangan Taman Universiti | ||
| 999 | |a 0000020059 |b Book |c Children Collection |e Cawangan Taman Universiti | ||